Indo-us relations : (Record no. 531)

MARC details
000 -LEADER
fixed length control field 00482cam a2200193ua 4500
001 - CONTROL NUMBER
control field 598
005 - DATE AND TIME OF LATEST TRANSACTION
control field 20260515113208.0
008 - FIXED-LENGTH DATA ELEMENTS--GENERAL INFORMATION
fixed length control field 110409n ii |||gr||||Z||||||eng
020 ## - INTERNATIONAL STANDARD BOOK NUMBER
International Standard Book Number 81-7003-081-1
040 ## - CATALOGING SOURCE
Transcribing agency MAIN
082 ## - DEWEY DECIMAL CLASSIFICATION NUMBER
Classification number 327.54073
245 1# - TITLE STATEMENT
Title Indo-us relations :
Remainder of title Dynamics of change /
250 ## - EDITION STATEMENT
Remainder of edition statement edited by P.M. Kamath.
260 ## - PUBLICATION, DISTRIBUTION, ETC.
Place of publication, distribution, etc. New Delhi:
Name of publisher, distributor, etc. South Asian ,987.
300 ## - PHYSICAL DESCRIPTION
Extent 194p:0cm.
653 ## - INDEX TERM--UNCONTROLLED
Uncontrolled term Political science
653 ## - INDEX TERM--UNCONTROLLED
Uncontrolled term Indo-us relations
942 ## - ADDED ENTRY ELEMENTS (KOHA)
Koha item type Books
Holdings
Withdrawn status Lost status Damaged status Not for loan Home library Current library Shelving location Date acquired Total checkouts Full call number Barcode Date last seen Copy number Price effective from Koha item type
        Naharkatiya College Library Naharkatiya College Library General stacks 09/19/2020   327.54073 | IND 556 09/19/2020 1 09/19/2020 Books